Curso de ingeniería sanitaria: primera parte
محفوظ في:
| المؤلف الرئيسي: | |
|---|---|
| مؤلفون آخرون: | |
| التنسيق: | غير معروف |
| منشور في: |
[San José, Costa Rica]
[19-?]
|
| الوسوم: |
إضافة وسم
لا توجد وسوم, كن أول من يضع وسما على هذه التسجيلة!
|
MARC
| LEADER | 00000 a2200000 4500 | ||
|---|---|---|---|
| 003 | 011099 | ||
| 005 | 20221231143805.0 | ||
| 008 | 140114s19 c a m 000 ||s d | ||
| 040 | |c cru CEDI | ||
| 090 | |a TFG 133 | ||
| 100 | |a Cordero López, Oscar |9 17365 | ||
| 245 | |a Curso de ingeniería sanitaria: primera parte | ||
| 260 | |c [19-?] |a [San José, Costa Rica] | ||
| 300 | |a 257 hojas ; ilustraciones | ||
| 500 | |a Tesis (Ingeniero Civil) Universidad de Costa Rica. | ||
| 700 | |9 17366 |a Elizondo Morales, Gonzalo | ||
| 942 | |c TFG | ||
| 999 | |c 12031 |d 12031 | ||
